000 00456nam a2200181Ia 4500
005 20240823040054.0
008 240823s9999||||xx |||||||||||||| ||und||
041 _aENGLISH
082 _A658.57 M0
100 _aWhite P A
245 0 _aEffective Management of Research and Development
250 _a2nd
260 _c1980
_b"Macmillan,London"
500 _aYES
650 _aDevelopment Banking
_bManagement Studies
942 _cBK
999 _c202210
_d202210